| 000 | 00864nam a2200277Ia 4500 | ||
|---|---|---|---|
| 001 | Para_7577 | ||
| 003 | CHAP | ||
| 008 | 220125s1983 xx 000 0 und d | ||
| 010 | _a206491 | ||
| 040 | _cCHAP | ||
| 082 | _aPA 632 M4 1983 | ||
| 100 |
_aMendoza Zamora, Cecilio _974770 |
||
| 245 |
_aPrincipios de fitopatología y enfermedades causadas por hongos / _c por Cecilio Mendoza Zamora y Benito Pinto Cortés |
||
| 260 |
_aChapingo, Méx., : _b UACh. Departamento de Parasitología Agrícola |
||
| 300 | _a311 p. | ||
| 650 |
_aFitopatología _941161 |
||
| 650 |
_aPlantas _x enfermedades por hongos _988830 |
||
| 700 |
_aPinto Cortés, Benito _988287 |
||
| 901 | _aPA 632 M4 1983 | ||
| 902 | _aA | ||
| 905 | _a0000001983 a 0000000000 00 | ||
| 910 | _a1983 | ||
| 942 | _cPARA | ||
| 942 |
_cPARA _d1 |
||
| 999 |
_c206491 _d206491 |
||